Statistics for Most Populous African Countries

Click here to take the quiz!

General Stats

  • This quiz has been taken 39 times
  • The average score is 24 of 26

Answer Stats

RankPopulationCountry% Correct
3104MEgypt
100%
756.7MKenya
100%
1825.4MNiger
100%
1212MNigeria
100%
660.1MSouth Africa
100%
492.5MDemocratic Republic of the Congo
97%
2118MEthiopia
97%
1529.7MMadagascar
97%
1044.7MAlgeria
94%
2416.9MChad
94%
944.8MSudan
94%
560.9MTanzania
94%
847.6MUganda
94%
1627.9MCameroon
92%
2020.7MMali
92%
1137.7MMorocco
92%
2317.1MSenegal
92%
2516.3MSomalia
92%
2615.1MZimbabwe
92%
1233.9MAngola
89%
1332.1MMozambique
89%
1727.6MCote d'Ivoire
86%
2219MZambia
86%
1921.7MBurkina Faso
83%
1431.4MGhana
83%
2119.8MMalawi
69%

Score Distribution

Percentile by Number Answered

Percent of People with Each Score

Your Score History

You have not taken this quiz